000 00401nam a2200133Ia 4500
008 100328s9999 xx 000 0 und d
082 _b14591
100 _aशिरवाडकर वसंत
245 _aग्रह आणि आग्रह
260 _bवैभव
630 _aग्रह आणि आग्रह
730 _aग्रह आणि आग्रह
942 _cBOOK
999 _c509520
_d509517